=LDR 00000nam 2200000 4500 =001 NUTBA000000000005825 =005 20141111103920.0 =006 =007 =008 =020 ##$$a 978.602.8489.94-2 =035 ##$$0010-111400000000304 =040 ##$$a NBPAMAT =082 ##$$a 028.5 =090 ##$$a 028.5 Wen a =100 ##$$a Weni Rahayu =245 ##$$a Aku suka sayuran daun-daunan$cWeni Rahayu; editor Laila Febriana =260 ##$$a Jakarta$bMediantara Semesta$c202 =300 ##$$a iv, 11 hlm$bilus$c17 cm =500 ##$$a Bibliografi hlm : 11 =650 ##$$a Bacaan Kanak-kanak =700 ##$$a Laila Febrina =850 ##$$a NBPDMAT =990 ##$$a 0001/BPAP-NTB/2015 =990 ##$$a 0001/BPAP-NTB/2015